000 00813nam a2200241Ia 4500
003 OSt
005 20220926001019.0
006 a|||||r|||| 00| 0
007 ta
008 220923b |||||||| |||| 00| 0 eng d
020 _a9789380502724
_c714
037 _b131/2011-12, 16/01/2012, CLASSIC BOOKS SERVICES
_cGeneral Book
040 _aRTL
_cRTL
_beng
041 _2eng
_aeng
082 _aU2894.2, Q1
100 _aDagur OS
_9303333
245 0 _aDisaster management
_b An appraisal of institutional mechanisms in India
260 _a New Delhi
_bKnowledge World Pvt Ltd
_c2011
300 _axvi, 385p Bibliography:P.369:P.376
_ccm.
650 _aGeography
942 _hU2894.2, Q1
_cGB
_2CC
999 _c600214
_d600214